1453 1788 1536 1668 1641 1690 1190 1707 1886 1408 1529 1102 1136 1584 1874 1942 1408 1865 1564 1940 1576 1482 1316 1686 1524 1042 1536 1210 1797 1927 1375 1997 1596 1727 1392 1365 1296 1735 1035 1815 1516 1611 1002 1724 1617 1468 1517 1774 1325 1273 1167 1687 1485 1076 1843 1079 1748 1410 1512 1548 1784 1120 1481 1414 1395 1524 1326 1025 1632 1331 1992 1834 1100 1489 1377 1742 1053 1462 1756 1340 1563 1714 1074 1700 1841 1181 1442 1572 1260 1155 1097 1799 1758 1684 1135 1665 1889 1588 1117 BCNSPRNW ULIB Ver.6.0+V

เปลี่ยนเป็นภาษาไทย

Change to English
 แสดงรายละเอียดบรรณานุกรม
  กลับหน้าหลัก

Brief Record : Get Marc (ISO 2709) : E-mail record : QR code < ปิดหน้าต่าง
LEADER : 00000nam 2200000uu 4500
001    13399121005
003     ULIB
008    121030s2544||||th 000 0 tha d
020    ^a9747854791(2544)
050 04 ^aHN700.592.R8^bห199
245 10 ^aหมู่บ้านชนบทไทย ปี 2544 จากข้อมูลพื้นฐานระดับหมู่บ้าน (กชช.2 ค) /^cศูนย์ข้อมูลเพื่อการพัฒนาชนบทกระทรวงมหาดไทย กองวิชาการและแผนงาน กรมการพัฒนาชุมชน
260    ^aกรุงเทพฯ :^bกรมการพัฒนาชุมชน. ศูนย์ข้อมูลเพื่อการพัฒนาชนบท,^c2544
300    ^a412 :^bภาพประกอบ ;^c30 ซม
310    ^aราย 2 ปี
650  7 ^aการพัฒนาชนบท^zไทย
650  7 ^aหมู่บ้าน^zไทย
651  7 ^aไทย^xภาวะชนบท
710 2  ^aศูนย์ข้อมูลเพื่อการพัฒนาชนบทกระทรวงมหาดไทย
740 0  ^aข้อมูลพื้นฐานระดับหมู่บ้าน (กชช. 2 ค)
945    ^p0^l0^i11690
995    ^aทศพร
999    ^aทศพร เกษรทอง
รายการนี้ยังไม่มีแท็ก
คุณยังไม่ได้ล็อกอิน คุณสามารถมีกิจกรรมร่วมกับเว็บไซต์ได้ แต่ต้องล็อกอินก่อน ::
  ล็อกอิน

รายการสื่อสารสนเทศ

ลำดับที่ ประเภท เลขเรียก/บาร์โค้ด สถานที่ สถานะ
1. วิทยาศาสตร์การแพทย์ และสุขภาพ
วิทยาศาสตร์การแพทย์ และสุขภาพ
HN700.592.R8 ห199 ฉ.1 
  Barcode: 11690
ห้องสมุดวิทยาเขตสวรรค์ประชารักษ์
►หนังสือทั่วไป
บนชั้น

BibComment


ยังไม่เคยถูกคอมเมนท์

คอมเมนท์ทรัพยากรรายการนี้
  คอมเมนท์: หมู่บ้านชนบทไทย ..


 Copyright 2026. Bcnsprnw @Library